000 00305nam a2200121Ia 4500
008 230303s9999 xx 000 0 und d
041 _aeng
082 _a005.269 MIC
100 _aMICROSOFT
245 _aMCSE Training Kit Mircrosoft Windows 2000 Professional
260 _aNew Delhi
_bPHI
365 _cRS
999 _c179281
_d179281